=LDR 00000nam 2200000 4500 =001 000191 =020 $9789793862211 =082 $297.400 =100 $$a B.M. Asti =245 $$a Oh... indahnya jatuh cinta /$c B.M. Asti =250 $Cetakan II =264 $Jakarta: AlMawardi Prima 2020 =300 $135 halaman; 18,5 cm. =650 $Islam =905 $297.4 AST o =336 $$a =337 $$a =338 $$a =005 20260702151432.0 =008 260702s2026\\\\\\\\\\\\\\\\\\\\\\\\\\\\\\\\\\\\\\\\\